| 000 | 00840cam a22002657a 4500 | ||
|---|---|---|---|
| 003 | CHAP | ||
| 005 | 20220329134248.0 | ||
| 008 | 971013s1977 r 00010 d | ||
| 010 | _a17789 | ||
| 011 | _a18761 | ||
| 035 | _a22846 | ||
| 040 | _cCHAP | ||
| 082 |
_a630.9 _bH8 |
||
| 100 | 0 | 0 |
_aHutchinson, Joseph. _957031 |
| 245 | 1 | 4 | _aThe esrly history of agriculture; a joint symposium of the Royal Society |
| 260 |
_aOxford : _bOxford University, _c1977 |
||
| 300 |
_a213 p. _b: ilus. |
||
| 590 |
_aBATCH-UPD _b10 _c20130110 _lUCH01 _h1204 |
||
| 590 |
_aCONVERSION _b10 _c20130109 _lUCH01 _h1311 |
||
| 650 | 1 | 4 |
_aPlantas cultivadas _xHistoria. _988931 |
| 901 | _aBK | ||
| 942 | _cLIBRO | ||
| 949 |
_a630.9 H8 _bBC _cLIBRO _d33724000047445 _eLIBRO _h15416 _i22846 _si |
||
| 949 |
_a630.9 H8 _bBC _cLIBRO _d33724000047452 _eLIBRO _fc.2 _h57372 _i22846 _si |
||
| 999 |
_c17789 _d17789 |
||